000 00538nam a22001697a 4500
999 _c8451
_d8451
008 201124b ||||| |||| 00| 0 eng d
040 _aBMS College of Archiotecture
100 _aC R, Namratha
245 _aTransformational home for juvenile delinquents Bangalore
300 _a62p.
500 _a1BM14AT054
502 _8B,Arch
_NBMS College of Architecture, Visvesvaraya Technological University (VTU)
_aProject report
_d2018
650 _aNA
700 _aAdithya Kiran T
_eGuide
700 _aParthima N
_eGuide
942 _2ddc
_cTHE